[Event "I Memorial Felix Alexander Sonnenfeld"]
[Site "Rio de Janeiro BRA"]
[Date "2009.02.05"]
[Round "6.1"]
[White "Limp, Eduardo Thelio"]
[Black "Medeiros Jr, Jorge Luiz Cabral"]
[Result "1-0"]
[WhiteElo "2389"]
[BlackElo "2295"]
[PlyCount "25"]
[EventDate "2009.02.01"]
[EventType "tourn"]
[EventRounds "9"]
[EventCountry "BRA"]
[EventCategory "2"]
[Source "lmi"]
[SourceDate "2009.02.01"]

1. d4 Nf6 2. Nf3 g6 3. c4 Bg7 4. Nc3 O-O 5. e4 d6 6. h3 e5 7. dxe5 dxe5 8. Qxd8
Rxd8 9. Nd5 Nxd5 10. cxd5 c6 11. Bc4 b6 12. Bg5 f6 13. dxc6+ 1-0

[Event "I Memorial Felix Alexander Sonnenfeld"]
[Site "Rio de Janeiro BRA"]
[Date "2009.02.05"]
[Round "6.2"]
[White "Guimaraes, Wagner Peixoto"]
[Black "Chauca, Jose"]
[Result "1-0"]
[WhiteElo "2253"]
[BlackElo "2173"]
[PlyCount "93"]
[EventDate "2009.02.01"]
[EventType "tourn"]
[EventRounds "9"]
[EventCountry "BRA"]
[EventCategory "2"]
[Source "lmi"]
[SourceDate "2009.02.01"]

1. e4 c5 2. Nf3 e6 3. d4 cxd4 4. Nxd4 a6 5. Nc3 d6 6. Be3 Nf6 7. g4 h6 8. h3
Be7 9. Bg2 Qc7 10. Qe2 Nc6 11. O-O-O Nxd4 12. Rxd4 e5 13. Rc4 Qb8 14. Rd1 Be6
15. Nd5 Nxd5 16. exd5 Bd7 17. Qd2 b5 18. Rc6 Bxc6 19. dxc6 Qc7 20. Bd5 Bg5 21.
Bxg5 hxg5 22. Qxg5 Rxh3 23. Qxg7 O-O-O 24. g5 Kb8 25. Qxf7 Qxf7 26. Bxf7 Rf3
27. g6 Rxf7 28. gxf7 Kc7 29. f4 exf4 30. Rf1 Kxc6 31. Rxf4 Rf8 32. Rf5 Kd7 33.
Kd2 Ke6 34. Rf1 Rxf7 35. Rxf7 Kxf7 36. Kc3 a5 37. a4 b4+ 38. Kc4 Ke6 39. b3 Ke5
40. Kb5 Kd4 41. Kxa5 Kc3 42. Kb5 d5 43. a5 d4 44. a6 Kxc2 45. a7 d3 46. a8=Q d2
47. Qg2 1-0

[Event "I Memorial Felix Alexander Sonnenfeld"]
[Site "Rio de Janeiro BRA"]
[Date "2009.02.05"]
[Round "6.3"]
[White "Silva, Celso Renato R. Da"]
[Black "Saldaño Dayer, Horacio"]
[Result "0-1"]
[WhiteElo "2196"]
[BlackElo "2450"]
[PlyCount "72"]
[EventDate "2009.02.01"]
[EventType "tourn"]
[EventRounds "9"]
[EventCountry "BRA"]
[EventCategory "2"]
[Source "lmi"]
[SourceDate "2009.02.01"]

1. Nf3 Nf6 2. g3 g6 3. Bg2 Bg7 4. d4 d6 5. O-O O-O 6. Nbd2 Nbd7 7. e3 a5 8. c4
e5 9. Qc2 Re8 10. dxe5 dxe5 11. e4 Nc5 12. Ne1 Bg4 13. Nb3 Bd1 14. Qd2 Qxd2 15.
Nxd2 Be2 16. f3 Bxf1 17. Kxf1 Red8 18. Ke2 Nfd7 19. b3 Ne6 20. Bb2 a4 21. b4 a3
22. Bc3 Nb6 23. Rb1 Na4 24. Ba1 Nd4+ 25. Ke3 Bh6+ 26. f4 exf4+ 27. gxf4 Ne6 28.
Be5 Bxf4+ 29. Bxf4 Nxf4 30. Kxf4 Rxd2 31. Rb3 Rxa2 32. Bf3 Nb6 33. e5 c6 34. c5
Nd5+ 35. Bxd5 cxd5 36. Rg3 Re2 0-1

[Event "I Memorial Felix Alexander Sonnenfeld"]
[Site "Rio de Janeiro BRA"]
[Date "2009.02.05"]
[Round "6.4"]
[White "Santos, Marcus Vinicius M"]
[Black "Cunha, Eduardo Arruda"]
[Result "1/2-1/2"]
[WhiteElo "2393"]
[BlackElo "2206"]
[PlyCount "66"]
[EventDate "2009.02.01"]
[EventType "tourn"]
[EventRounds "9"]
[EventCountry "BRA"]
[EventCategory "2"]
[Source "lmi"]
[SourceDate "2009.02.01"]

1. Nf3 Nf6 2. c4 g6 3. Nc3 Bg7 4. e4 d6 5. d4 O-O 6. Be2 e5 7. O-O Nc6 8. d5
Ne7 9. b4 Nh5 10. Re1 f5 11. Ng5 Nf6 12. f3 Nh5 13. c5 Nf4 14. Bc4 Kh8 15. Rb1
a6 16. Kh1 h6 17. Ne6 Nxe6 18. dxe6 Nc6 19. exf5 gxf5 20. b5 Nd4 21. bxa6 bxa6
22. e7 Qxe7 23. Qxd4 exd4 24. Rxe7 dxc3 25. Bd5 Bf6 26. Rxc7 Re8 27. Bxh6 Rb8
28. Rc1 dxc5 29. Rxc5 Rb6 30. h3 Be6 31. Bxe6 Rexe6 32. Rxf5 Re2 33. g4 Rc6
1/2-1/2

[Event "I Memorial Felix Alexander Sonnenfeld"]
[Site "Rio de Janeiro BRA"]
[Date "2009.02.05"]
[Round "6.5"]
[White "Guerrero, Alvaro"]
[Black "Perdomo, Leandro"]
[Result "0-1"]
[WhiteElo "2178"]
[BlackElo "2187"]
[PlyCount "60"]
[EventDate "2009.02.01"]
[EventType "tourn"]
[EventRounds "9"]
[EventCountry "BRA"]
[EventCategory "2"]
[Source "lmi"]
[SourceDate "2009.02.01"]

1. d4 Nf6 2. c4 e6 3. Nc3 Bb4 4. f3 c5 5. d5 b5 6. e4 bxc4 7. Bxc4 Nxd5 8. Bxd5
exd5 9. exd5 Ba6 10. Nge2 O-O 11. Kf2 d6 12. g3 Nd7 13. Qa4 Bc4 14. Rd1 Re8 15.
a3 Nb6 16. Qc2 Bxc3 17. Nxc3 Qf6 18. Rb1 Re5 19. Ne4 Qg6 20. Bf4 Rh5 21. g4
Rxd5 22. Bxd6 Rd8 23. Rxd5 Bxd5 24. Bxc5 f5 25. gxf5 Qxf5 26. Qd3 Re8 27. Re1
Bxe4 28. Qb3+ Kh8 29. Bxb6 axb6 30. Qc4 Qxf3+ 0-1

[Event "I Memorial Felix Alexander Sonnenfeld"]
[Site "Rio de Janeiro BRA"]
[Date "2009.02.07"]
[Round "7.2"]
[White "Cunha, Eduardo Arruda"]
[Black "Guerrero, Alvaro"]
[Result "1/2-1/2"]
[WhiteElo "2206"]
[BlackElo "2178"]
[PlyCount "27"]
[EventDate "2009.02.01"]
[EventType "tourn"]
[EventRounds "9"]
[EventCountry "BRA"]
[EventCategory "2"]
[Source "lmi"]
[SourceDate "2009.02.01"]

1. e4 d6 2. d4 Nf6 3. Nc3 e5 4. dxe5 dxe5 5. Qxd8+ Kxd8 6. Nf3 Bd6 7. Bc4 Be6
8. Bxe6 fxe6 9. Bg5 Nbd7 10. O-O-O a6 11. a3 Ke7 12. h3 Rab8 13. Rd2 b5 14.
Rhd1 1/2-1/2

[Event "I Memorial Felix Alexander Sonnenfeld"]
[Site "Rio de Janeiro BRA"]
[Date "2009.02.07"]
[Round "7.4"]
[White "Chauca, Jose"]
[Black "Silva, Celso Renato R. Da"]
[Result "1/2-1/2"]
[WhiteElo "2173"]
[BlackElo "2196"]
[PlyCount "27"]
[EventDate "2009.02.01"]
[EventType "tourn"]
[EventRounds "9"]
[EventCountry "BRA"]
[EventCategory "2"]
[Source "lmi"]
[SourceDate "2009.02.01"]

1. e4 c5 2. Nf3 Nc6 3. Bb5 d6 4. O-O Bd7 5. Re1 e5 6. c3 Nge7 7. d4 cxd4 8.
cxd4 h6 9. Nc3 a6 10. Bxc6 Nxc6 11. h3 Be7 12. b3 O-O 13. Bb2 exd4 14. Nxd4
1/2-1/2